Liêu trai chí dị T.2

Kể về những cuộc tình duyên kỳ ngộ giữa người và hồ ly hoặc ma quỷ...Tác phẩm theo kết cấu Mục lục 17 quyển kể cả quyển Thập di, gồm 500 truyện.

保存先:
書誌詳細
第一著者: Bồ, Tùng Linh
その他の著者: Cao, Tự Thanh
フォーマット: 図書
言語:Undetermined
出版事項: Tp.Hồ Chí Minh. Văn hóa - Văn nghệ 2013
主題:
オンライン・アクセス:http://lrc.tdmu.edu.vn/opac/search/detail.asp?aID=2&ID=20455
タグ: タグ追加
タグなし, このレコードへの初めてのタグを付けませんか!
Thư viện lưu trữ: Trung tâm Học liệu Trường Đại học Thủ Dầu Một
LEADER 01026nam a2200229Ia 4500
001 TDMU_20455
008 210410s9999 xx 000 0 und d
082 |a 895.13 
090 |b B450 
100 |a Bồ, Tùng Linh 
245 0 |a Liêu trai chí dị 
245 0 |c Bồ Tùng Linh; Cao Tự Thanh dịch 
245 0 |n T.2 
260 |a Tp.Hồ Chí Minh. 
260 |b Văn hóa - Văn nghệ 
260 |c 2013 
300 |a 523tr. 
520 |a Kể về những cuộc tình duyên kỳ ngộ giữa người và hồ ly hoặc ma quỷ...Tác phẩm theo kết cấu Mục lục 17 quyển kể cả quyển Thập di, gồm 500 truyện. 
650 |a Văn học cổ điển nước ngoài; Văn học Trung Quốc  |x Truyện ngắn; Truyện ma Trung Quốc 
700 |a Cao, Tự Thanh 
856 |u http://lrc.tdmu.edu.vn/opac/search/detail.asp?aID=2&ID=20455 
980 |a Trung tâm Học liệu Trường Đại học Thủ Dầu Một